000 02578cam a22005054i 4500
003 PE-LiUPU
005 20250731173312.0
008 150616s r 000 0 d
035 _a(Sirsi) a3708
040 _aPE-LiUPU
_bspa
_cPE-LiUPU
_erda
049 _aPRUA
082 0 4 _b
_221
100 1 _aHollenweger, Walter,
_eautor.
245 1 3 _aEl Pentecostalismo: historia y doctrinas.
264 1 _aBuenos Aires :
_bEditorial La Aurora,
_c1976.
300 _a532 páginas ;
_c22 cm.
336 _atext
_2rdacontent
337 _aunmediated
_2rdamedia
338 _avolume
_2rdacarrier
490 0 _aBiblioteca de Estudios Teológicos
504 _aIncluye bibliografía.
505 0 _aFormación e historia: -Estados Unidos de América -- América latina -- Africa -- Europa. Piedad y doctrina: -La Biblia-Santa letra. Para comprender la escritura -- "Lavado en tu sangre.."La doctrina de la Trinidad y la Cristología -- Libre en Jesús. La doctrina de la justificación del hombre por la gracia divina -- "Lluvias de gracia". La pneumatología -- "Venid al médico de amor". Curación por la oración. cómo comprender los milagros -- "Contra los gobernantes, contra las autoridades de las tinieblas". La demonología -- "..Para aquellos que obedecen.."Sobre los sacramentos -- "La religión es lo que uno no debe hacer". La ética -- "Cuando su cumplió el tiempo.." La escatología -- No organización sino organismo. La eclesiología -- Los pastores del proletariado.
526 _aSEG42
526 _aSEG41
526 _aSEG40
526 _aSEG39
526 _aP94
526 _aP87
526 _aP86
526 _aP85
526 _aP77
526 _aP76
526 _aP35
650 0 4 _aPENTECOSTALISMO.
910 _ajck
_bjvq
_cjck
942 _2ddc
_cBOOK
949 _a289.9 H71
_wDEWEY
_c1
_i28938
_lCCODEBUL1
_mBUL
_p00.00
_r0
_sY
_tBOOK
_u2015-04-23
_xBIBLIOTECA
_zUNKNOWN
_0COMPRA
_o.STAFF. Colección General
949 _a289.9 H71
_wDEWEY
_c2
_i16609
_lCCODEBUL1
_mBUL
_p00.00
_r0
_sY
_tBOOK
_u19790426
_xTEOLOGIA
_zUNKNOWN
_0COMPRA
_o.STAFF. Colección General
994 _aC0
_bPEPRU
596 _a1
999 _a289.9 H71
_wDEWEY
_c45223
_i28938
_f2021-11-11
_g5
_lCCODEBUL1
_mBUL
_r0
_sY
_tBOOK
_u2015-4-23
_xTEOLOGIA
_zUNKNOWN
_0COMPRA
_o.STAFF. Colección General
_d45223
999 _a289.9 H71
_wDEWEY
_c2
_i16609
_f2021-11-12
_g5
_lCCODEBUL1
_mBUL
_r0
_sY
_tBOOK
_u2015-6-16
_xTEOLOGIA
_zUNKNOWN
_0COMPRA
_o.STAFF. Colección General
980 _81
_gALBERTO SANCHEZ Responsable de Automatización